Inheritance tax (Record no. 78237)

MARC details
000 -LEADER
fixed length control field 00868cab a2200217 4500
001 - CONTROL NUMBER
control field L136295
008 - FIXED-LENGTH DATA ELEMENTS--GENERAL INFORMATION
fixed length control field 070123n2007 000 0 eng u
035 ## - SYSTEM CONTROL NUMBER
System control number (Sirsi) u136295
041 0# - LANGUAGE CODE
Language code of text/sound track or separate title eng
100 1# - MAIN ENTRY--PERSONAL NAME
Personal name Bayley, Carl
245 00 - TITLE STATEMENT
Title Inheritance tax
Remainder of title the final pound of flesh
260 ## - PUBLICATION, DISTRIBUTION, ETC.
Date of publication, distribution, etc. 2007
490 #0 - SERIES STATEMENT
Series statement Letting Update Journal
Volume/sequential designation 14(1) January 2007, 22-24(3)
520 ## - SUMMARY, ETC.
Summary, etc. Explains inheritance tax, the amounts payable and who is exempt. Discusses how those who inherit money can pay off tax bills in yearly instalments, ensuring that they do not have to sell off property. Discusses deeds of variation, business property relief and trusts.
590 ## - LOCAL NOTE (RLIN)
Local note KA
650 24 - SUBJECT ADDED ENTRY--TOPICAL TERM
Topical term or geographic name entry element STAMP DUTY LAND TAX
650 24 - SUBJECT ADDED ENTRY--TOPICAL TERM
Topical term or geographic name entry element INHERITANCE TAX
651 #4 - SUBJECT ADDED ENTRY--GEOGRAPHIC NAME
Geographic name England and Wales
Chronological subdivision 1543-
690 ## - LOCAL SUBJECT ADDED ENTRY--TOPICAL TERM (OCLC, RLIN)
Topical term or geographic name as entry element PROPERTY-PROPERTY VALUATION AND APPRAISAL-INHERITANCE VALUATION
942 ## - ADDED ENTRY ELEMENTS (KOHA)
Suppress in OPAC 0
Holdings
Withdrawn status Lost status Source of classification or shelving scheme Damaged status Not for loan Home library Current library Shelving location Date acquired Total Checkouts Full call number Barcode Date last seen Copy number Price effective from Koha item type
    Dewey Decimal Classification     London London Journal article 23/01/2007   L136295 136295-1001 06/08/2019 1 06/08/2019 Journal article